| Tag |
First Indicator |
Second Indicator |
Subfields |
| LEADER |
00000cam a22000004a 4500 |
| 001 |
in00002240121 |
| 005 |
20151105054837.0 |
| 008 |
070306s2008 njua b 001 0 eng |
| 010 |
|
|
|a 2007009403
|
| 020 |
|
|
|a 9780131573093
|
| 020 |
|
|
|a 0131573098
|
| 029 |
1 |
|
|a YDXCP
|b 2541650
|
| 035 |
|
|
|a (OCoLC)ocm85851493
|
| 035 |
|
|
|a (OCoLC)85851493
|
| 040 |
|
|
|a DLC
|c DLC
|d BAKER
|d BTCTA
|d C#P
|d YDXCP
|d UtOrBLW
|
| 049 |
|
|
|a TXAM
|
| 050 |
0 |
0 |
|a LB1139.5.S35
|b H37 2008
|
| 082 |
0 |
0 |
|a 372.3/5
|2 22
|
| 100 |
1 |
|
|a Harlan, Jean Durgin.
|
| 245 |
1 |
0 |
|a Science experiences for the early childhood years :
|b an integrated affective approach /
|c Jean D. Harlan, Mary S. Rivkin.
|
| 250 |
|
|
|a 9th ed.
|
| 264 |
|
1 |
|a Upper Saddle River, N.J. :
|b Pearson Merrill Prentice Hall,
|c [2008]
|
| 264 |
|
4 |
|c ©2008
|
| 300 |
|
|
|a xviii, 366 pages :
|b illustrations ;
|c 24 cm.
|
| 336 |
|
|
|a text
|b txt
|2 rdacontent
|
| 337 |
|
|
|a unmediated
|b n
|2 rdamedia
|
| 338 |
|
|
|a volume
|b nc
|2 rdacarrier
|
| 504 |
|
|
|a Includes bibliographical references and index.
|
| 505 |
0 |
|
|a An integrated approach to science learning -- Science participants : children, teachers, families, and communities -- Guiding science learning and assessments in the early years -- Plants -- Animals -- The human body : care and nourishment -- Air -- Water -- Weather -- Rocks and minerals -- Magnetism -- The effects of gravity -- Simple machines -- Sound -- Light -- The environment.
|
| 650 |
|
0 |
|a Science
|x Study and teaching (Early childhood)
|
| 700 |
1 |
|
|a Rivkin, Mary S.
|
| 856 |
4 |
1 |
|3 Table of contents only
|u http://www.loc.gov/catdir/toc/ecip0712/2007009403.html
|t 0
|
| 938 |
|
|
|a Baker & Taylor
|b BKTY
|c 52.00
|d 52.00
|i 0131573098
|n 0007040474
|s active
|
| 938 |
|
|
|a Baker and Taylor
|b BTCP
|n 2007009403
|
| 938 |
|
|
|a YBP Library Services
|b YANK
|n 2541650
|
| 945 |
|
|
|a PromptCat
|b 164996
|
| 946 |
|
|
|a stk
|
| 947 |
|
|
|a A14836208120
|
| 948 |
|
|
|a cataloged
|b h
|c 2007/6/28
|d c
|e achopde
|f 1:20:46 pm
|
| 994 |
|
|
|a 92
|b TXA
|
| 999 |
|
|
|a MARS
|
| 999 |
f |
f |
|s 2ad57727-9e8d-3bdb-b4af-86c51d12ec0f
|i a83224a2-5253-3709-ae40-d31314884c77
|t 0
|
| 952 |
f |
f |
|p normal
|a Texas A&M University
|b College Station
|c Sterling C. Evans Library
|d Evans: Library Stacks
|t 0
|e LB1139.5.S35 H37 2008
|h Library of Congress classification
|i unmediated -- volume
|m A14836208120
|
| 998 |
f |
f |
|a LB1139.5.S35 H37 2008
|t 0
|l Evans: Library Stacks
|